| 000 | 00000nam##2200000za#4500 |
| 001 | 9.601713 |
| 003 | CaOODSP |
| 005 | 20210624210214 |
| 007 | cr ||||||||||| |
| 008 | 150406|2008||||xxc|||||o f|0| 0 fre|d |
| 040 | |aCaOODSP|bfre |
| 043 | |an-cn--- |
| 086 | 1 |aYC33-0/392-13F-PDF |
| 110 | 1 |aCanada. |bParlement. |bSénat. |bComité sénatorial permanent de la sécurité nationale et de la défense. |
| 245 | 13|aLa protection civile au Canada : |h[ressource électronique]|bcomment le bel art de la langue de bois et de la procrastination entrave les gens qui voudront vous aider quand le pire surviendra-- / |cSén. Colin Kenny, président ; Sén. David Tkachuk, vice-président. |
| 246 | 3 |aRapport du Comité sénatorial permanent de la sécurité nationale et de la défense |
| 260 | |aOttawa - Ontario : |bSénat. |c2008. |
| 300 | |a253p., 406p., 430p., 328p.|bglossaire, graphiques, références, tableaux |
| 490 | 1 |aRapport du Comité sénatorial permanent de la sécurité nationale et de la défense|v39e législature, 2e session, [13e rapport] |
| 500 | |a«Le rapport La protection civile au Canada comprend quatre volumes. Le premier volume contient les observations et recommandations du comité. Les volumes 2, 3 et 4 regroupent les réponses fournies par 92 des 100 municipalités sondées par le comité.»--page 2 de 253, Vol. 1. |
| 590 | |a11-12-Supp|b2011-07-29 |
| 775 | 08|tEmergency preparedness in Canada : |w(CaOODSP)9.571070 |
| 830 | #0|aRapport du Comité sénatorial permanent de la sécurité nationale et de la défense ;|v39e législature, 2e session, [13e rapport]|w(CaOODSP)9.501649 |
| 856 | 40|ahttp://publications.gc.ca|qPDF|s916 Ko|uhttps://publications.gc.ca/collections/collection_2011/sen/yc33-0/YC33-0-392-13-4-fra.pdf |
| 856 | 40|ahttp://publications.gc.ca|qPDF|s1.07 Mo|uhttps://publications.gc.ca/collections/collection_2011/sen/yc33-0/YC33-0-392-13-2-fra.pdf |
| 856 | 40|ahttp://publications.gc.ca|qPDF|s1.14 Mo|uhttps://publications.gc.ca/collections/collection_2011/sen/yc33-0/YC33-0-392-13-3-fra.pdf |
| 856 | 40|ahttp://publications.gc.ca|qPDF|s812 Ko|uhttps://publications.gc.ca/collections/collection_2011/sen/yc33-0/YC33-0-392-13-1-fra.pdf|y39e législature, 2e session, [13e rapport] |